The Bedford reader / (Record no. 1828)

MARC details
000 -LEADER
fixed length control field 00687cam a2200217 4500
001 - CONTROL NUMBER
control field 2295
005 - DATE AND TIME OF LATEST TRANSACTION
control field 20181127164912.0
008 - FIXED-LENGTH DATA ELEMENTS--GENERAL INFORMATION
fixed length control field 840320s1982 nyua 001 0 eng
010 ## - LIBRARY OF CONGRESS CONTROL NUMBER
LC control number 81048531
020 ## - INTERNATIONAL STANDARD BOOK NUMBER
International Standard Book Number 0312071175 (pbk.)
245 04 - TITLE STATEMENT
Title The Bedford reader /
Statement of responsibility, etc. X.J. Kennedy.
260 ## - PUBLICATION, DISTRIBUTION, ETC.
Place of publication, distribution, etc. New York :
Name of publisher, distributor, etc. St. Martin's Press,
Date of publication, distribution, etc. c1982.
300 ## - PHYSICAL DESCRIPTION
Extent xxvii, 589 p. :
Other physical details ill. ;
Dimensions 21 cm.
500 ## - GENERAL NOTE
General note ""A Bedford book.""
General note Includes index.
650 #0 - SUBJECT ADDED ENTRY--TOPICAL TERM
Topical term or geographic name entry element College readers.
Topical term or geographic name entry element English language
General subdivision Rhetoric
Form subdivision Problems, exercises, etc.
Topical term or geographic name entry element Report writing
Form subdivision Problems, exercises, etc.
700 1# - ADDED ENTRY--PERSONAL NAME
Personal name Kennedy, Dorothy M.
Fuller form of name (Dorothy Mintzlaff)
Personal name Kennedy, X. J.
Holdings
Withdrawn status Lost status Source of classification or shelving scheme Damaged status Not for loan Collection code Home library Current library Shelving location Serial Enumeration / chronology Inventory number Total Checkouts Full call number Barcode Date last seen Copy number Price effective from Koha item type
    Dewey Decimal Classification     Main TEST RTC Library RTC Library Main opac 524   808.4 KEN 30001051 27/11/2018 1 27/11/2018 Main
Royal Thimphu College || All Right Reserved